Stefan Berger műveinek válogatott bibliográfiája

Elmentve itt :
Bibliográfiai részletek
További közreműködők: Berger Stefan
Dokumentumtípus: Cikk
Megjelent: 2019
Sorozat:Aetas 34 No. 2
Kulcsszavak:Történettudomány - német - 20-21. sz. - életmű, Történettudomány - bibliográfia
Tárgyszavak:
Online Access:http://acta.bibl.u-szeged.hu/68199
LEADER 00739nab a2200205 i 4500
001 acta68199
005 20230327133855.0
008 200513s2019 hu o 0|| hun d
022 |a 0237-7934 
040 |a SZTE Egyetemi Kiadványok Repozitórium  |b hun 
041 |a hun 
245 0 0 |a Stefan Berger műveinek válogatott bibliográfiája  |h [elektronikus dokumentum] 
260 |c 2019 
300 |a 125-141 
490 0 |a Aetas  |v 34 No. 2 
650 4 |a Bölcsészettudományok 
650 4 |a Történettudomány és régészet 
695 |a Történettudomány - német - 20-21. sz. - életmű, Történettudomány - bibliográfia 
700 0 1 |a Berger Stefan 
856 4 0 |u http://acta.bibl.u-szeged.hu/68199/1/aetas_2019_002_125-141.pdf  |z Dokumentum-elérés